000 00308nam a2200121Ia 4500
008 190216s9999||||xx |||||||||||||| ||und||
100 _aWeatherburn C E
245 0 _aDifferential Geometry Of Three Dimensions
260 _bCambridge Uty Press
_c1927
300 _a268p
650 _aMathematics
942 _cBK
999 _c30521
_d30521